000 00332nam a22001453 4500
001 206850
005 20250701140459.0
090 _a206850
100 _a20250701 ukry50
101 _aukr
102 _aUA
200 _a
210 _d2025
801 _2unimarc
_aUA
_gpsbo
942 _cJOURNAL